Hieronymus Bosch (El Bosco) (Record no. 4332)

MARC details
000 -CABECERA
campo de control de longitud fija 01028nam a2200265 a 4500
001 - NÚMERO DE CONTROL
campo de control BRCA_4629
005 - FECHA Y HORA DE LA ÚLTIMA TRANSACCIÓN
campo de control 20190320204737.0
008 - DATOS DE LONGITUD FIJA--INFORMACIÓN GENERAL
campo de control de longitud fija 280910s1948----sp-a######---#000-0#spa-#
041 ## - CÓDIGO DE LENGUA
Código de lengua del texto/banda sonora o título independiente spa
044 ## - CÓDIGO DEL PAÍS DE LA ENTIDAD EDITORA/PRODUCTORA
Código MARC del país sp
050 #4 - SIGNATURA TOPOGRÁFICA DE LA BIBLIOTECA DEL CONGRESO
Número de clasificación ND653.B6
Número de documento/Ítem .B73 1948
100 1# - ENTRADA PRINCIPAL--NOMBRE DE PERSONA
Nombre de persona Brans, J. V. L.
9 (RLIN) 11712
245 10 - MENCIÓN DE TÍTULO
Título Hieronymus Bosch (El Bosco)
Resto del título en el Prado y en el Escorial
Mención de responsabilidad, etc. J. V. L. Brans ; traducción del original inédito por M. Cardenal Iracheta.
260 ## - PUBLICACIÓN, DISTRIBUCIÓN, ETC.
Lugar de publicación, distribución, etc. Barcelona
Nombre del editor, distribuidor, etc. Omega
Fecha de publicación, distribución, etc. 1948
300 ## - DESCRIPCIÓN FÍSICA
Extensión 93 p.
Otras características físicas il. (algunas a color), 116 láminas
Dimensiones 24 cm.
500 ## - NOTA GENERAL
Nota general Incluye índice alfabético de dibujos y pinturas, índice geográfico de los dibujos y cuadros de Hieronymus Bosch y de las réplicas y atribuciones mencionadas en esta obra
500 ## - NOTA GENERAL
Nota general D39
504 ## - NOTA DE BIBLIOGRAFÍA, ETC.
Nota de bibliografía, etc. Bibliografía: p. 85
600 14 - PUNTO DE ACCESO ADICIONAL DE MATERIA--NOMBRE DE PERSONA
Nombre de persona Bosco Hieronymus Van Aken
Títulos y otros términos asociados al nombre El Bosco
9 (RLIN) 11713
650 14 - PUNTO DE ACCESO ADICIONAL DE MATERIA--TÉRMINO DE MATERIA
Término de materia o nombre geográfico como elemento de entrada Pintores holandeses
Subdivisión cronológica Siglo XV
9 (RLIN) 11714
650 14 - PUNTO DE ACCESO ADICIONAL DE MATERIA--TÉRMINO DE MATERIA
Término de materia o nombre geográfico como elemento de entrada Galerías y museos
Subdivisión geográfica España
9 (RLIN) 7331
700 1# - PUNTO DE ACCESO ADICIONAL--NOMBRE DE PERSONA
Nombre de persona Cardenal Iracheta, M.
9 (RLIN) 11715
902 ## - CATALOGADOR
Iniciales GFM
942 ## - ELEMENTOS DE PUNTO DE ACCESO ADICIONAL (KOHA)
Fuente del sistema de clasificación o colocación Library of Congress Classification
Tipo de ítem Koha Libros
Holdings
Estado de retiro Estado de pérdida Estado dañado No para préstamo Localización permanente Ubicación/localización actual Fecha de adquisición Número de inventario Total de préstamos Signatura topográfica completa Código de barras Fecha visto por última vez Precio válido a partir de Tipo de ítem Koha
El ejemplar forma parte de la colección y puede ser consultado según las políticas vigentes.       Biblioteca del Museo Franz Mayer (Rogerio Casas-Alatriste) Biblioteca del Museo Franz Mayer (Rogerio Casas-Alatriste) 28/09/2010 D39   ND653.B6 .B73 1948 (D39) 4627 22/03/2019 22/03/2019 Libros